000 00768cam a2200241 4500
008 090401t1999 xxu||||| |||| 00| 0 eng d
020 _a0853084807
035 _a(Sirsi) u84274
041 _aeng
050 _a336.39
100 _aFox, Jason
245 4 _aThe PFI handbook.
260 _aBristol
_bJordan Publishing Limited
_c1999
300 _axlvi,361p. ; 25cm.
350 _a80
520 _aProvides guidance on all aspects of structuring and negotiating PFI projects, including how to avoid the common pitfalls. Examines such issues as funding, tax and accounting.
650 _aPFI
650 _aPRIVATE FINANCE INITIATIVE
690 _aPROPERTY-PROPERTY FINANCE AND INVESTMENT
700 _aTott, Nicholas
942 _n0
948 _c17/02/1998
999 _c96931
_d96931